[Event "Gibraltar Challengers op-A"]
[Site "Caleta"]
[Date "2020.01.24"]
[Round "5"]
[White "Lung, Liviu Catalin"]
[Black "Hng, Mei Xian Eunice"]
[Result "1-0"]
[WhiteElo "2041"]
[BlackElo "1661"]
[PlyCount "35"]
[EventDate "2020.01.20"]
[EventType "swiss"]
[EventRounds "5"]
[EventCountry "GGB"]
[SourceTitle "CBM 194 Extra"]
[Source "ChessBase"]
[SourceDate "2020.03.31"]
[SourceVersion "1"]
[SourceVersionDate "2020.03.31"]
[SourceQuality "1"]

1. e4 c5 2. Nf3 e6 3. d4 cxd4 4. Nxd4 a6 5. Nc3 Qc7 6. g3 Nf6 7. Bg2 Be7 8. 0-0 0-0 9. g4 h6 10. h4 d5 11. exd5 exd5 12. g5 Ng4 13. Nf3 Be6 14. Nxd5 Bxd5 15. Qxd5 Qxc2 16. Ne5 Nxf2 17. Be3 Nd3 18. Nxd3 1-0

[Event "Gibraltar Challengers op-A"]
[Site "Caleta"]
[Date "2020.01.20"]
[Round "1"]
[White "Sousa, Ludy Helsio Paulo"]
[Black "Lung, Liviu Catalin"]
[Result "1-0"]
[WhiteElo "2247"]
[BlackElo "2041"]
[PlyCount "53"]
[EventDate "2020.01.20"]
[EventType "swiss"]
[EventRounds "5"]
[EventCountry "GGB"]
[SourceTitle "CBM 194 Extra"]
[Source "ChessBase"]
[SourceDate "2020.03.31"]
[SourceVersion "1"]
[SourceVersionDate "2020.03.31"]
[SourceQuality "1"]

1. e4 c5 2. Nf3 d6 3. d4 cxd4 4. Nxd4 Nf6 5. Nc3 g6 6. Be3 Bg7 7. f3 0-0 8. Qd2 Nc6 9. 0-0-0 Nxd4 10. Bxd4 Be6 11. Kb1 Qc7 12. Nd5 Bxd5 13. exd5 Nd7 14. Bxg7 Kxg7 15. h4 h6 16. g4 Ne5 17. Be2 Rac8 18. f4 Nc4 19. Bxc4 Qxc4 20. h5 Rc5 21. hxg6 fxg6 22. f5 Rh8 23. Rhe1 e5 24. dxe6 Rhc8 25. e7 Re8 26. Re6 gxf5 27. Qxh6+ 1-0

[Event "Benidorm op U2300 18th"]
[Site "Benidorm"]
[Date "2019.12.01"]
[Round "3"]
[White "Lung, Liviu Catalin"]
[Black "Ayza Leon, David"]
[Result "0-1"]
[WhiteElo "2015"]
[BlackElo "2231"]
[PlyCount "82"]
[EventDate "2019.11.29"]
[EventType "swiss"]
[EventRounds "10"]
[EventCountry "ESP"]
[SourceTitle "EXT 2022"]
[Source "ChessBase"]
[SourceDate "2021.10.06"]
[SourceVersion "1"]
[SourceVersionDate "2021.10.06"]
[SourceQuality "1"]

1. e4 g6 2. d4 Bg7 3. Nc3 d6 4. Be3 a6 5. Qd2 b5 6. a4 b4 7. Nd5 a5 8. f3 Bb7 9. Bc4 e6 10. Nf4 d5 11. exd5 exd5 12. Bd3 Nd7 13. Nge2 Ne7 14. 0-0 0-0 15. c3 bxc3 16. bxc3 Nb6 17. Bf2 Ba6 18. Bh4 Re8 19. Nc1 Bh6 20. Re1 Nc4 21. Bxc4 Bxc4 22. Bg3 Nf5 23. Ncd3 Qg5 24. Rxe8+ Rxe8 25. Re1 Rb8 26. Qf2 Nxg3 27. hxg3 Bxd3 28. Nxd3 Qd2 29. Qxd2 Bxd2 30. Re7 Bxc3 31. Rxc7 Bxd4+ 32. Kh2 Rb1 33. Rd7 Rd1 34. Nf4 Bg1+ 35. Kh3 Be3 36. Rxd5 Rh1+ 37. Kg4 Kg7 38. Rd7 Kf8 39. Rd3 Bc1 40. Rd7 h6 41. Nh3 f5+ 0-1

[Event "Gibraltar Challengers-B"]
[Site "Caleta"]
[Date "2018.01.31"]
[Round "5"]
[White "Lung, Liviu Catalin"]
[Black "Yu, Henry"]
[Result "0-1"]
[WhiteElo "2085"]
[BlackElo "1947"]
[PlyCount "56"]
[EventDate "2018.01.27"]
[EventType "swiss"]
[EventRounds "5"]
[EventCountry "GGB"]
[SourceTitle "EXT 2019"]
[Source "ChessBase"]
[SourceDate "2018.10.10"]
[SourceVersion "1"]
[SourceVersionDate "2018.10.10"]
[SourceQuality "1"]

1. e4 c5 2. Nf3 a6 3. d4 cxd4 4. Nxd4 Nf6 5. Bd3 e5 6. Nb3 d5 7. exd5 Nxd5 8. c3 Nc6 9. 0-0 Be7 10. Qf3 Be6 11. Rd1 Qc8 12. Bc4 Nf4 13. Bxe6 Nxe6 14. Be3 0-0 15. N1d2 b5 16. Ne4 Qc7 17. Nec5 Nxc5 18. Nxc5 Bd6 19. b4 e4 20. Qh5 g6 21. Qh4 Bxc5 22. Bxc5 Rfe8 23. Rd6 Rad8 24. Rad1 Rxd6 25. Rxd6 Rd8 26. Qxe4 Rxd6 27. Qe8+ Kg7 28. Qe5+ Nxe5 0-1

[Event "Gibraltar Challengers-B"]
[Site "Caleta"]
[Date "2018.01.27"]
[Round "1"]
[White "Hermes, Geoff R"]
[Black "Lung, Liviu Catalin"]
[Result "0-1"]
[WhiteElo "1879"]
[BlackElo "2085"]
[PlyCount "62"]
[EventDate "2018.01.27"]
[EventType "swiss"]
[EventRounds "5"]
[EventCountry "GGB"]
[SourceTitle "EXT 2019"]
[Source "ChessBase"]
[SourceDate "2018.10.10"]
[SourceVersion "1"]
[SourceVersionDate "2018.10.10"]
[SourceQuality "1"]

1. d4 Nf6 2. Bf4 c5 3. d5 Qb6 4. Nc3 d6 5. e4 Nxe4 6. Nxe4 Qb4+ 7. Qd2 Qxe4+ 8. Ne2 g6 9. 0-0-0 Bg7 10. Bh6 Bxh6 11. Qxh6 Bf5 12. Qd2 Qb4 13. Qe3 Qa4 14. Qc3 0-0 15. Kb1 Na6 16. Ng3 Nb4 17. Nxf5 Qxa2+ 18. Kc1 gxf5 19. Bc4 Qa4 20. Bb3 Qd7 21. h4 f4 22. g3 Qf5 23. Rhg1 f3 24. Kb1 b5 25. g4 Qg6 26. h5 Qg5 27. h6 Qxh6 28. g5 Qg7 29. Qd2 a5 30. c3 Qg6+ 31. Kc1 a4 0-1

[Event "Gibraltar Challengers-A"]
[Site "Caleta"]
[Date "2018.01.26"]
[Round "5"]
[White "Minnema, Rens"]
[Black "Lung, Liviu Catalin"]
[Result "0-1"]
[WhiteElo "1837"]
[BlackElo "2085"]
[PlyCount "76"]
[EventDate "2018.01.22"]
[EventType "swiss"]
[EventRounds "5"]
[EventCountry "GGB"]
[SourceTitle "EXT 2019"]
[Source "ChessBase"]
[SourceDate "2018.10.10"]
[SourceVersion "1"]
[SourceVersionDate "2018.10.10"]
[SourceQuality "1"]

1. e4 c6 2. d4 g6 3. Nf3 Bg7 4. Bd3 d5 5. e5 Nh6 6. 0-0 Bf5 7. Nc3 Bxd3 8. Qxd3 Nd7 9. Bf4 e6 10. Ne2 Nf5 11. a4 h6 12. Ng3 Nxg3 13. fxg3 0-0 14. a5 c5 15. c3 c4 16. Qc2 b5 17. b4 cxb3 18. Qxb3 a6 19. Bc1 Qc7 20. Ba3 Rfc8 21. Bb4 Bf8 22. Bxf8 Nxf8 23. Rfc1 Qc4 24. Qxc4 Rxc4 25. Nd2 Rc7 26. Rab1 Rac8 27. Rb3 Nd7 28. Kf1 Nb8 29. Ke2 Nc6 30. Kd3 Nxa5 31. Ra3 Nc4 32. Rxa6 Nb2+ 33. Ke2 Rxc3 34. Rxc3 Rxc3 35. Ra8+ Kg7 36. Rb8 Nc4 37. Nb1 Rb3 38. Nd2 Rb2 0-1

[Event "Gibraltar Challengers-A"]
[Site "Caleta"]
[Date "2018.01.25"]
[Round "4"]
[White "Lung, Liviu Catalin"]
[Black "Gonzalez Gonzalez, Alfonso"]
[Result "0-1"]
[WhiteElo "2085"]
[BlackElo "2192"]
[PlyCount "102"]
[EventDate "2018.01.22"]
[EventType "swiss"]
[EventRounds "5"]
[EventCountry "GGB"]
[SourceTitle "EXT 2019"]
[Source "ChessBase"]
[SourceDate "2018.10.10"]
[SourceVersion "1"]
[SourceVersionDate "2018.10.10"]
[SourceQuality "1"]

1. e4 c5 2. Nf3 a6 3. d4 cxd4 4. Nxd4 Nf6 5. Nc3 e5 6. Nf3 Bb4 7. Bd2 d6 8. Bd3 0-0 9. 0-0 Nbd7 10. Bg5 h6 11. Bh4 Bxc3 12. bxc3 g5 13. Bg3 Qc7 14. Qd2 Nh7 15. h4 f6 16. Rad1 Rd8 17. hxg5 hxg5 18. Nh2 Ndf8 19. Be2 Be6 20. Ng4 Rac8 21. c4 Bxc4 22. Ne3 Be6 23. c4 Ng6 24. Rb1 Qf7 25. Qb4 Rc7 26. Bh5 Qg7 27. Rfd1 Rcd7 28. Rd2 Ne7 29. Bg4 Bxg4 30. Nxg4 Nc6 31. Qb6 Nf8 32. f3 Ne6 33. Kf2 Kf7 34. Rh1 Rh8 35. Rdd1 Kg6 36. Qb1 Ned4 37. Ne3 Qg8 38. Nf5 Nxf5 39. exf5+ Kg7 40. Rxh8 Kxh8 41. Qe4 Qd8 42. Rh1+ Rh7 43. Rxh7+ Kxh7 44. Qd5 Qb6+ 45. Kf1 Nd8 46. Bf2 Qb1+ 47. Be1 Qxa2 48. Kg1 Qb1 49. Qxd6 Qxe1+ 50. Kh2 Qh4+ 51. Kg1 Qd4+ 0-1

[Event "Gibraltar Challengers-A"]
[Site "Caleta"]
[Date "2018.01.24"]
[Round "3"]
[White "Galvan, Jesus"]
[Black "Lung, Liviu Catalin"]
[Result "0-1"]
[WhiteElo "2223"]
[BlackElo "2085"]
[PlyCount "90"]
[EventDate "2018.01.22"]
[EventType "swiss"]
[EventRounds "5"]
[EventCountry "GGB"]
[SourceTitle "EXT 2019"]
[Source "ChessBase"]
[SourceDate "2018.10.10"]
[SourceVersion "1"]
[SourceVersionDate "2018.10.10"]
[SourceQuality "1"]

1. d4 Nf6 2. c4 g6 3. Nc3 Bg7 4. e4 0-0 5. f4 c5 6. d5 d6 7. Nf3 e6 8. Be2 exd5 9. exd5 Re8 10. 0-0 Na6 11. Bd3 Nc7 12. a4 Na6 13. h3 Nb4 14. Bb1 Bf5 15. g4 Bxb1 16. Rxb1 Ne4 17. Nxe4 Rxe4 18. b3 Qe7 19. Bb2 Bxb2 20. Rxb2 Qf6 21. Re2 Rae8 22. Rxe4 Rxe4 23. Kg2 Re3 24. f5 gxf5 25. g5 Qc3 26. Re1 f4 27. Rxe3 fxe3 28. Qe1 Qc2+ 29. Kg1 e2 30. Qg3 Nd3 31. Qxd6 e1R+ 32. Nxe1 Qf2+ 33. Kh1 Qxe1+ 34. Kg2 Qf2+ 35. Kh1 Qe1+ 36. Kg2 Qd2+ 37. Kh1 Qxg5 38. Qb8+ Kg7 39. Qxb7 Qc1+ 40. Kg2 Qd2+ 41. Kf3 Qf2+ 42. Ke4 Qe2+ 43. Kf5 Qf3+ 44. Kg5 h6+ 45. Kh4 Qf4+ 0-1

[Event "Gibraltar Challenger op-B"]
[Site "Caleta"]
[Date "2017.01.30"]
[Round "3"]
[White "Lung, Liviu Catalin"]
[Black "Mircov, Nicola Alexandru"]
[Result "0-1"]
[WhiteElo "2090"]
[BlackElo "1957"]
[PlyCount "50"]
[EventDate "2017.01.28"]
[EventType "swiss"]
[EventRounds "5"]
[EventCountry "GGB"]
[SourceTitle "EXT 2018"]
[Source "ChessBase"]
[SourceDate "2017.10.13"]
[SourceVersion "1"]
[SourceVersionDate "2017.10.13"]
[SourceQuality "1"]

1. d4 c5 2. dxc5 Na6 3. Nc3 Nxc5 4. e4 e6 5. Nf3 d6 6. Bb5+ Bd7 7. Bxd7+ Qxd7 8. Be3 Rc8 9. 0-0 a6 10. a4 Nf6 11. Qd4 Be7 12. Rfd1 0-0 13. a5 Rfd8 14. e5 dxe5 15. Qxe5 Qc6 16. Nd4 Qe8 17. h3 Nd5 18. Nxd5 Rxd5 19. Qg3 Rcd8 20. c4 R5d6 21. Bf4 R6d7 22. Qe3 f6 23. b4 e5 24. bxc5 Bxc5 25. Qe4 Bxd4 0-1

[Event "Gibraltar Challengers-B 14th"]
[Site "Caleta"]
[Date "2016.02.03"]
[Round "5"]
[White "Gostelow, David W"]
[Black "Lung, Liviu Catalin"]
[Result "0-1"]
[WhiteElo "2023"]
[BlackElo "2141"]
[PlyCount "68"]
[EventDate "2016.01.30"]
[EventType "swiss"]
[EventRounds "5"]
[EventCountry "GGB"]
[SourceTitle "CBM 170 Extra"]
[Source "ChessBase"]
[SourceDate "2016.02.25"]
[SourceVersion "1"]
[SourceVersionDate "2016.02.25"]
[SourceQuality "1"]

1. d4 Nf6 2. Nf3 g6 3. Bf4 c5 4. c3 Bg7 5. e3 0-0 6. Nbd2 d6 7. h3 Nbd7 8. Be2 Re8 9. 0-0 e5 10. Bh2 e4 11. Ne1 cxd4 12. cxd4 d5 13. Rc1 Nf8 14. Qb3 Ne6 15. Nc2 Bf8 16. Be5 Be7 17. f3 Ng5 18. f4 Ne6 19. f5 Nf8 20. fxg6 Nxg6 21. Rf2 Nd7 22. Qxd5 Ndxe5 23. Qxe4 Bh4 24. Rff1 f5 25. Rxf5 Bxf5 26. Qxf5 Rf8 27. Qe6+ Kh8 28. Ne4 Qd7 29. Qb3 Qf5 30. Nc3 Nd3 31. Rf1 Nf2 32. Nd1 Rac8 33. Bg4 Nxh3+ 34. Bxh3 Qxf1+ 0-1

[Event "Gibraltar Challengers-B 14th"]
[Site "Caleta"]
[Date "2016.02.01"]
[Round "3"]
[White "Lung, Liviu Catalin"]
[Black "Broekman, Willem"]
[Result "0-1"]
[WhiteElo "2141"]
[BlackElo "1978"]
[PlyCount "118"]
[EventDate "2016.01.30"]
[EventType "swiss"]
[EventRounds "5"]
[EventCountry "GGB"]
[SourceTitle "CBM 170 Extra"]
[Source "ChessBase"]
[SourceDate "2016.02.25"]
[SourceVersion "1"]
[SourceVersionDate "2016.02.25"]
[SourceQuality "1"]

1. e4 e6 2. d4 d5 3. exd5 exd5 4. Bd3 Bd6 5. Nf3 Ne7 6. 0-0 0-0 7. Bg5 f6 8. Bh4 Bf5 9. Nc3 c6 10. Re1 Bxd3 11. Qxd3 Nd7 12. Re6 Qc7 13. Bg3 Bxg3 14. hxg3 Rfe8 15. Rae1 Nf8 16. R6e2 Qd7 17. Na4 b6 18. c4 Kf7 19. c5 b5 20. Nc3 Neg6 21. Nd1 Rxe2 22. Rxe2 Re8 23. Rxe8 Qxe8 24. Ne3 Ne7 25. Qa3 Qd7 26. Qa5 Ne6 27. a4 bxa4 28. Qxa4 Qb7 29. b3 a6 30. Nc2 Qb5 31. Nb4 a5 32. Qxb5 cxb5 33. Nc2 Ke8 34. Kf1 Kd7 35. Ke2 Kc6 36. Kd3 b4 37. Ne3 Kb5 38. Kc2 a4 39. bxa4+ Kxa4 40. Kb2 Kb5 41. Kb3 Nc6 42. Nf5 Ka5 43. Kb2 Ka4 44. Ne3 Ncxd4 45. Nxd4 Nxd4 46. Nxd5 Kb5 47. Nf4 Kxc5 48. Nh5 Ne6 49. f4 f5 50. g4 g6 51. gxf5 gxf5 52. g3 Kd4 53. Nf6 h6 54. Kb3 Ke3 55. Ng8 h5 56. Nf6 Ng7 57. Kxb4 Kf3 58. Kc3 Kxg3 59. Kd2 h4 0-1

[Event "Gibraltar Challengers-A 14th"]
[Site "Caleta"]
[Date "2016.01.26"]
[Round "2"]
[White "George, Lolomari Erekosima"]
[Black "Lung, Liviu Catalin"]
[Result "0-1"]
[WhiteElo "1937"]
[BlackElo "2141"]
[PlyCount "64"]
[EventDate "2016.01.25"]
[EventType "swiss"]
[EventRounds "5"]
[EventCountry "GGB"]
[SourceTitle "CBM 170 Extra"]
[Source "ChessBase"]
[SourceDate "2016.02.25"]
[SourceVersion "1"]
[SourceVersionDate "2016.02.25"]
[SourceQuality "1"]

1. Nf3 Nf6 2. c4 g6 3. b4 a5 4. b5 c6 5. a4 d5 6. cxd5 cxd5 7. g3 Bg7 8. Bb2 0-0 9. Bg2 Nbd7 10. Qc2 Nb6 11. d3 Bf5 12. Nd4 Rc8 13. Qd2 Bd7 14. Qxa5 e5 15. Nb3 Rc2 16. Bxe5 Re8 17. Na3 Rxe2+ 18. Kxe2 Ng4 19. Rhe1 Bxe5 20. Kf1 Qf6 21. Qd2 Bxa1 22. Rxa1 Nxh2+ 23. Kg1 Nf3+ 24. Bxf3 Qxf3 25. Nd4 Qf6 26. Nac2 Bc8 27. a5 Nd7 28. Qb4 Ne5 29. Qa3 Ng4 30. f3 Qe5 31. f4 Qh5 32. Nf3 Qh3 0-1

[Event "ROM-chT2"]
[Site "Mamaia"]
[Date "2015.10.10"]
[Round "8.5"]
[White "Lung, Liviu Catalin"]
[Black "Olinici, Emanuel"]
[Result "1-0"]
[WhiteElo "2146"]
[BlackElo "2000"]
[PlyCount "75"]
[EventDate "2015.10.03"]
[EventType "team-tourn"]
[EventRounds "9"]
[EventCountry "ROU"]
[SourceTitle "CBM 169 Extra"]
[Source "ChessBase"]
[SourceDate "2015.12.18"]
[SourceVersion "1"]
[SourceVersionDate "2015.12.18"]
[SourceQuality "1"]
[WhiteTeam "Timisoara Sinandrei"]
[BlackTeam "Brasov CSU"]
[WhiteTeamCountry "ROU"]
[BlackTeamCountry "ROU"]

1. e4 e5 2. Nf3 Nc6 3. Bb5 a6 4. Ba4 Nf6 5. d4 b5 6. Bb3 Bd6 7. dxe5 Nxe5 8. Nxe5 Bxe5 9. f4 Bd6 10. e5 Ne4 11. Qd5 Qh4+ 12. g3 Nxg3 13. hxg3 Qxg3+ 14. Ke2 Qg4+ 15. Kf2 Bb7 16. Qxb7 Bc5+ 17. Be3 Qxf4+ 18. Qf3 Bxe3+ 19. Ke2 Qxf3+ 20. Kxf3 Bd4 21. Nc3 Bxe5 22. Rae1 f6 23. Nd5 0-0-0 24. c3 Kb8 25. Bc2 g6 26. Rh6 c6 27. Nb4 a5 28. Nd3 d6 29. Reh1 f5 30. Rxh7 Rhg8 31. Re7 Bf6 32. Re6 Rdf8 33. Rxd6 Kc7 34. Re6 g5 35. Rh6 g4+ 36. Kg2 Bd8 37. Rxc6+ Kb7 38. Nc5+ 1-0

[Event "ROM-chT2"]
[Site "Mamaia"]
[Date "2015.10.09"]
[Round "7.5"]
[White "Barzanu, Iulian"]
[Black "Lung, Liviu Catalin"]
[Result "0-1"]
[WhiteElo "2220"]
[BlackElo "2146"]
[PlyCount "81"]
[EventDate "2015.10.03"]
[EventType "team-tourn"]
[EventRounds "9"]
[EventCountry "ROU"]
[SourceTitle "CBM 169 Extra"]
[Source "ChessBase"]
[SourceDate "2015.12.18"]
[SourceVersion "1"]
[SourceVersionDate "2015.12.18"]
[SourceQuality "1"]
[WhiteTeam "Craiova Oltenia"]
[BlackTeam "Timisoara Sinandrei"]
[WhiteTeamCountry "ROU"]
[BlackTeamCountry "ROU"]

1. e4 c5 2. Nf3 d6 3. d4 cxd4 4. Nxd4 Nf6 5. Nc3 g6 6. Be3 Bg7 7. f3 0-0 8. Qd2 Nc6 9. Bc4 Bd7 10. 0-0-0 Rc8 11. Bb3 Ne5 12. Kb1 Nc4 13. Bxc4 Rxc4 14. g4 b5 15. h4 b4 16. Nce2 Qc7 17. Bh6 e5 18. Bxg7 Kxg7 19. Nf5+ Bxf5 20. gxf5 Rc8 21. c3 Qb6 22. Qxd6 bxc3 23. Nxc3 R8c6 24. Qxe5 Rxc3 25. h5 Rc2 26. h6+ Kf8 27. Rd3 Qc7 28. Qxc7 Rxc7 29. e5 Ne8 30. f6 Re2 31. f4 Rc4 32. Rf1 g5 33. fxg5 Rg4 34. Rd7 a5 35. Rd5 a4 36. Ra5 Rgg2 37. Rxa4 Rxb2+ 38. Ka1 Rbe2 39. Ra8 Rxe5 40. Rd1 Rgxg5 41. Kb2 0-1

[Event "ROM-chT2"]
[Site "Mamaia"]
[Date "2015.10.08"]
[Round "6.5"]
[White "Lung, Liviu Catalin"]
[Black "Vrencian, Lehel"]
[Result "1/2-1/2"]
[WhiteElo "2146"]
[BlackElo "2186"]
[PlyCount "115"]
[EventDate "2015.10.03"]
[EventType "team-tourn"]
[EventRounds "9"]
[EventCountry "ROU"]
[SourceTitle "CBM 169 Extra"]
[Source "ChessBase"]
[SourceDate "2015.12.18"]
[SourceVersion "1"]
[SourceVersionDate "2015.12.18"]
[SourceQuality "1"]
[WhiteTeam "Timisoara Sinandrei"]
[BlackTeam "Arad Vados"]
[WhiteTeamCountry "ROU"]
[BlackTeamCountry "ROU"]

1. e4 c5 2. Nf3 e6 3. d4 cxd4 4. Nxd4 Nc6 5. Nc3 Qc7 6. Be2 a6 7. 0-0 Nf6 8. Be3 Bb4 9. Nxc6 bxc6 10. Qd4 c5 11. Qc4 Bb7 12. a3 Bxc3 13. Qxc3 0-0 14. Qxc5 Qxc5 15. Bxc5 Rfc8 16. e5 Rxc5 17. exf6 Rxc2 18. Bd3 Rxb2 19. Rab1 Rxb1 20. Rxb1 Bc8 21. fxg7 Kxg7 22. f4 a5 23. Rb6 Ra7 24. Kf2 Rc7 25. Ke3 Bb7 26. g3 Bg2 27. Kd4 Rc1 28. Bb5 Kf6 29. Ra6 Rd1+ 30. Ke3 d5 31. Rxa5 d4+ 32. Ke2 Rb1 33. Be8 Ke7 34. Ba4 Be4 35. Rb5 Ra1 36. Rb4 d3+ 37. Ke3 f5 38. Rd4 Re1+ 39. Kd2 Re2+ 40. Kc3 Rxh2 41. Bb5 Rc2+ 42. Kb4 Rb2+ 43. Kc5 d2 44. Be2 Rb3 45. Rxd2 Rxg3 46. Bb5 Kf6 47. Rh2 Kg7 48. Bc4 Rxa3 49. Bxe6 Ra6 50. Bc4 Rh6 51. Rxh6 Kxh6 52. Be2 Kg6 53. Kd4 Bg2 54. Ke3 Bh3 55. Kf2 Bg4 56. Bf3 Kf6 57. Kg3 Ke6 58. Bb7 1/2-1/2

[Event "Baile Felix Cup 27th"]
[Site "Baile Felix"]
[Date "2012.06.03"]
[Round "4"]
[White "Lung, Liviu Catalin"]
[Black "Uta, Apolon Illarion"]
[Result "1-0"]
[WhiteElo "2170"]
[BlackElo "1925"]
[PlyCount "65"]
[EventDate "2012.06.01"]
[EventType "swiss"]
[EventRounds "7"]
[EventCountry "ROU"]
[SourceTitle "CBM 148 Extra"]
[Source "ChessBase"]
[SourceDate "2012.06.22"]
[SourceVersion "1"]
[SourceVersionDate "2012.06.22"]
[SourceQuality "1"]

1. e4 d6 2. d4 Nf6 3. Nc3 Nc6 4. Be3 e5 5. d5 Ne7 6. Qd2 a6 7. f3 Nd7 8. g4 Ng6 9. 0-0-0 b5 10. g5 Nh4 11. Qf2 Ng6 12. h4 h5 13. Bh3 Be7 14. Nge2 Nb6 15. b3 Bxh3 16. Rxh3 b4 17. Nb1 a5 18. f4 exf4 19. Nxf4 Ne5 20. g6 Bf6 21. gxf7+ Kxf7 22. Ne6 Qb8 23. Rg1 Ng4 24. Qf3 Ke8 25. Qf5 Ke7 26. Nxg7 Qg8 27. Nxh5 Qf7 28. Nf4 Ne5 29. h5 Rag8 30. Ng6+ Nxg6 31. hxg6 Qg7 32. Rh7 Rxh7 33. gxh7 1-0

[Event "Baile Felix Cup 27th"]
[Site "Baile Felix"]
[Date "2012.06.01"]
[Round "1"]
[White "Moldovan, Rares"]
[Black "Lung, Liviu Catalin"]
[Result "1/2-1/2"]
[WhiteElo "1761"]
[BlackElo "2170"]
[PlyCount "49"]
[EventDate "2012.06.01"]
[EventType "swiss"]
[EventRounds "7"]
[EventCountry "ROU"]
[SourceTitle "CBM 148 Extra"]
[Source "ChessBase"]
[SourceDate "2012.06.22"]
[SourceVersion "1"]
[SourceVersionDate "2012.06.22"]
[SourceQuality "1"]

1. e4 c5 2. c3 g6 3. d4 cxd4 4. cxd4 Bg7 5. Nc3 d6 6. Nf3 Nf6 7. Be2 0-0 8. 0-0 a6 9. h3 b5 10. a3 Bb7 11. Bd3 Nc6 12. Be3 Na5 13. b3 Rc8 14. Rc1 Nd7 15. a4 b4 16. Ne2 Rxc1 17. Bxc1 Qb6 18. Bc2 Rc8 19. Bb2 Qc7 20. Bb1 Nc5 21. Nd2 Qd7 22. Bc1 Ne6 23. Nf3 Qc7 24. Be3 Qb8 25. Bd3 1/2-1/2